000
00379nam a22001217a 4500
008
150327b xxu||||| |||| 00| 0 eng d
020
_a
9780071783866
020
_a
0071783865
041
0
_a
eng
080
_a
167.5
245
_a
Patents and strategic inventing :
_c
Nicholas J. Nissing.
942
_2
udc
_c
BK
999
_c
549
_d
549